The Pentagon papers
Na minha lista:
| Autor principal: | |
|---|---|
| Formato: | Livro |
| Idioma: | inglês |
| Publicado em: |
Nueva York
Bantam Books
1971
|
| Colecção: | The Secret History of the Vietnam War
|
| Assuntos: | |
| Tags: |
Adicionar Tag
Sem tags, seja o primeiro a adicionar uma tag!
|
MARC
| LEADER | 00000nam a2200000 a 4500 | ||
|---|---|---|---|
| 001 | UCO8174 | ||
| 003 | CL-VaPUC | ||
| 008 | 001201e19710000US |||||||||||||||||eng|d | ||
| 082 | 0 | 4 | |a 973.923 |b SHE |2 21 |
| 100 | 0 | |a Sheehan, Neil |e author |9 452973 | |
| 245 | 1 | 4 | |a The Pentagon papers |
| 300 | |a 677 p | ||
| 942 | |c BK | ||
| 945 | |d 20001201 00:00:00 |a crobeson | ||
| 260 | |a Nueva York |b Bantam Books |c 1971 | ||
| 500 | |a Donación del profesor Manfred Wilhelmy von Wolff | ||
| 650 | 7 | |a HISTORIA DE ESTADOS UNIDOS 1945-1967 |2 CL-VaPUC |9 452974 | |
| 650 | 0 | |a Guerra de Vietnam |y 1961-1975 |9 330754 | |
| 650 | 0 | |a Anticomunismo |9 442456 | |
| 650 | 7 | |a INTERVENCIONISMO |2 CL-VaPUC |9 452975 | |
| 651 | 0 | |a Estados Unidos |9 255178 | |
| 651 | 7 | |a VIETNAM |2 CL-VaPUC |9 313552 | |
| 583 | |a last modification |c 20001201 00:00:00 |k Rodrigo Vera | ||
| 490 | 0 | |a The Secret History of the Vietnam War | |
| 999 | |c 292902 |d 292900 | ||
| 952 | |0 0 |1 0 |4 0 |6 973_923000000000000_SHE_1971 |7 0 |8 A |9 343980 |a BIBHIS |b BIBHIS |d 2019-11-20 |i 1236148 |o 973.923 SHE 1971 |p 1236148 |r 2025-01-20 |w 2019-11-20 |y BK |k HIS | ||